In the right direction? (Record no. 79925)
[ view plain ]
| 000 -LEADER | |
|---|---|
| fixed length control field | 00877cab a22002055a 4500 |
| 001 - CONTROL NUMBER | |
| control field | L142730 |
| 008 - FIXED-LENGTH DATA ELEMENTS--GENERAL INFORMATION | |
| fixed length control field | 080304e20080207xxkd f 000 0 eng d |
| 035 ## - SYSTEM CONTROL NUMBER | |
| System control number | (Sirsi) u142730 |
| 041 0# - LANGUAGE CODE | |
| Language code of text/sound track or separate title | eng |
| 100 1# - MAIN ENTRY--PERSONAL NAME | |
| Personal name | Minton, Anna |
| 245 00 - TITLE STATEMENT | |
| Title | In the right direction? |
| 260 ## - PUBLICATION, DISTRIBUTION, ETC. | |
| Date of publication, distribution, etc. | 2008 |
| 490 #0 - SERIES STATEMENT | |
| Series statement | Architects' Journal |
| Volume/sequential designation | 227(5) 7 February 2008, 24-29(6) |
| 520 ## - SUMMARY, ETC. | |
| Summary, etc. | Reports on the Shrinking Cities international research programme, which aims to research cities with declining populations in four former industrial regions. Focuses on two of the project's subjects, Liverpool and Manchester. Looks at regeneration attempts in Liverpool and Manchester and questions why these have not significantly improved the cities' models of growth. |
| 590 ## - LOCAL NOTE (RLIN) | |
| Local note | KA |
| 651 #4 - SUBJECT ADDED ENTRY--GEOGRAPHIC NAME | |
| Geographic name | Liverpool |
| 651 #4 - SUBJECT ADDED ENTRY--GEOGRAPHIC NAME | |
| Geographic name | Manchester |
| 690 ## - LOCAL SUBJECT ADDED ENTRY--TOPICAL TERM (OCLC, RLIN) | |
| Topical term or geographic name as entry element | PROPERTY-PROPERTY MANAGEMENT-REGENERATION |
| 942 ## - ADDED ENTRY ELEMENTS (KOHA) | |
| Suppress in OPAC | 0 |
| Withdrawn status | Lost status | Source of classification or shelving scheme | Damaged status | Not for loan | Home library | Current library | Shelving location | Date acquired | Total Checkouts | Full call number | Barcode | Date last seen | Copy number | Price effective from | Koha item type |
|---|---|---|---|---|---|---|---|---|---|---|---|---|---|---|---|
| Dewey Decimal Classification | London | London | Journal article | 04/03/2008 | L142730 | 142730-1001 | 06/08/2019 | 1 | 06/08/2019 | Journal article |